Écrire « à la manière de… » avec ChatGPT au secondaire québécois (notice n° 1914466)
[ vue normale ]
| 000 -LEADER | |
|---|---|
| fixed length control field | 01773cam a2200193 4500500 |
| 005 - DATE AND TIME OF LATEST TRANSACTION | |
| control field | 20260329021708.0 |
| 041 ## - LANGUAGE CODE | |
| Language code of text/sound track or separate title | fre |
| 042 ## - AUTHENTICATION CODE | |
| Authentication code | dc |
| 100 10 - MAIN ENTRY--PERSONAL NAME | |
| Personal name | Acerra, Eleonora |
| Relator term | author |
| 245 00 - TITLE STATEMENT | |
| Title | Écrire « à la manière de… » avec ChatGPT au secondaire québécois |
| 260 ## - PUBLICATION, DISTRIBUTION, ETC. | |
| Date of publication, distribution, etc. | 2024.<br/> |
| 500 ## - GENERAL NOTE | |
| General note | 21 |
| 520 ## - SUMMARY, ETC. | |
| Summary, etc. | Cette contribution étudie un corpus de textes de genres différents générés par ChatGPT, dans le cadre d’une activité d’écriture « à la manière de… » réalisée dans une classe de troisième année d’école secondaire au Québec (13-14 ans). Inscrit dans la lignée des travaux sur les écritures de la réception et sur la formation du sujet-lecteur-scripteur en contexte numérique, l’article interroge, conjointement, les attentes littéraires et technologiques des élèves lorsqu’ils envisagent la production littéraire avec une intelligence artificielle générative. Par l’analyse des six portfolios rédigés au fil de la séquence, sont décrites, d’une part, les caractéristiques principales des textes générés par ChatGPT, d’autre part, les justifications des commandes proposées par les élèves à propos, notamment, de la thématique choisie, du style de l’auteur pris comme modèle et des attentes relatives à la capacité de la machine de générer des textes de genres différents. |
| 690 ## - LOCAL SUBJECT ADDED ENTRY--TOPICAL TERM (OCLC, RLIN) | |
| Topical term or geographic name as entry element | intelligence artificielle ; écriture numérique ; appropriation littéraire ; secondaire québécois ; ChatGPT. |
| 700 10 - ADDED ENTRY--PERSONAL NAME | |
| Personal name | Brehm, Sylvain |
| Relator term | author |
| 700 10 - ADDED ENTRY--PERSONAL NAME | |
| Personal name | Lacelle, Nathalie |
| Relator term | author |
| 786 0# - DATA SOURCE ENTRY | |
| Note | Le français aujourd'hui | 226 | 3 | 2024-09-16 | p. 69-84 | 0184-7732 |
| 856 41 - ELECTRONIC LOCATION AND ACCESS | |
| Uniform Resource Identifier | <a href="https://shs.cairn.info/revue-le-francais-aujourd-hui-2024-3-page-69?lang=fr&redirect-ssocas=7080">https://shs.cairn.info/revue-le-francais-aujourd-hui-2024-3-page-69?lang=fr&redirect-ssocas=7080</a> |
Pas d'exemplaire disponible.




Réseaux sociaux